| 000 | 00803nas a2200241 454500 | ||
|---|---|---|---|
| 001 | 2567 | ||
| 005 | 20260407193504.0 | ||
| 008 | 260407s1999####ag###########|||spa#d | ||
| 003 | AR-UNSa-BCEJYS | ||
| 040 |
_aAR-UNSa-BCEJYS _bspa _cAR-UNSa-BCEJYS |
||
| 080 |
_a330 _xEconomía en general |
||
| 245 | 1 | 0 |
_aCiencias económicas _pRevista de la Facultad de Ciencias Económicas |
| 022 | _a1666-8359 | ||
| 264 | 1 |
_aSanta Fe : _bEdiciones UNL _c1999 |
|
| 310 | _aFrecuencia: Irregular | ||
| 942 | _cSER | ||
| 590 | _aniveau_biblio:s niveau_hierar:1 | ||
| 100 | 1 | _aYardin, Amaro Ramón | |
| 700 | 1 | _aMarcipar Katz, Susana | |
| 650 | _a6.25 Economía | ||
| 650 | _aInvestigación económica | ||
| 856 | 4 | 1 |
_uhttps://biblioeco.unsa.edu.ar/pmb/images/revistas/Ciencias Econ?micas.jpg _yImagen de portada _qimage/jpeg |
| 999 |
_c8394 _d8394 |
||